¿Debe aplicarse la ley penal intermedia más favorable? /

Tanto en la doctrina como en la jurisprudencia se afirma, mayoritariamente, que las leyes penales intermedias, es decir, aquellas que son promulgadas después de la comisión del delito, pero que son reemplazadas por una tercera ley antes de la dictación de la sentencia, deben aplicarse retroactivamen...

Full description

Bibliographic Details
Main Author: Oliver Calderón, Guillermo
Format: Analitica de revista
Language:Spanish
Subjects:

MARC

LEADER 00000cab a2200000 a 4500
001 041645
003 UAHC_CL
005 20180604132037.0
008 050805b xx j 000 1 spa
952 |0 0  |1 0  |4 0  |6 REVISTA_DE_DERECHO25_04_000000000000000  |7 0  |8 General  |9 78030  |a BC  |b BC  |c General  |d 2017-08-03  |l 0  |o REVISTA DE DERECHO-25/04  |p FICTICIO7077  |r 2019-01-08 00:00:00  |t 1  |w 2017-08-03  |y REVA 
999 |c 41645  |d 41645 
040 |a UAHC_CL  |c UAHC_CL  |d UAHC_CL 
100 1 |a Oliver Calderón, Guillermo 
245 1 0 |a ¿Debe aplicarse la ley penal intermedia más favorable? /  |c Guillermo Oliver Calderón. 
500 |a En: Revista de derecho de la Pontificia Universidad Católica de Valparaíso, n˚25, p. 305-323. ISSN 0716-1883 
520 |a Tanto en la doctrina como en la jurisprudencia se afirma, mayoritariamente, que las leyes penales intermedias, es decir, aquellas que son promulgadas después de la comisión del delito, pero que son reemplazadas por una tercera ley antes de la dictación de la sentencia, deben aplicarse retroactivamente cuando sean más favorables, a pesar de que ya no están vigentes al momento del fallo. Para hacer esta afirmación se suele invocar, por un lado, el tenor literal del inciso 2˚ del artículo 18 del Código Penal y, por otro, la idea de que no debe perjudicar al reo la dilación de los procedimientos judiciales. El autor, después de analizar el fundamento de la retroactividad de las leyes penales favorables, que a su juicio se encuentra en el denominado principio de proporcionalidad en sentido amplio o prohibición de exceso, concluye, contra la tesis abrumadoramente dominante, que las leyes penales intermedias más benignas no deben ser aplicadas. 
650 4 |a RETROACTIVIDAD 
650 4 |a IRRETROACTIVIDAD 
653 |a DERECHO 
773 0 |t Revista de derechos del niño  |w 040303 
900 |a REVISTA DE DERECHO-25/04 
942 |c REVA  |2 ddc